00000000nam##2200000za#4500
0019.664676
003CaOODSP
00520250611103619
007ta
008150407|2005||||xxc|||||     f|0| 0 fre|d
020 |a0-660-62338-2
040 |aCaOODSP|bfre
041 |aeng
041 |afre
043 |an-cn---
0861 |aA22-307/2005
1101 |aCanada. |bAgriculture et agroalimentaire Canada.
24510|aLes fraisiers de chez nous
260 |aOttawa - Ontario : |bAgriculture et Agroalimentaire Canada |c2005.
300 |a551p. : |bill. (certaines en couleur), références, tableaux, photographies, index ; |c28 cm.
500 |a"Description de plus de 170 cultivars de fraisiers avec des photos des plantes, fruits, fleurs, pollen et feuilles".
5203 |aLes fraisiers de chez nous constituent un ouvrage illustré très complet sur les variétés de fraisiers. Nous y décrivons plus de 170 variétés, à partir d’information recueillie de 1989 à 2004 dans les parcelles d’essai d’Agriculture et Agroalimentaire Canada, à L’Acadie, au Québec. Nous avons également utilisé des données extraites d’articles scientifiques, aux fins de comparaison. Ce livre se révélera utile à tous les sélectionneurs de fraisiers, aux chercheurs s’intéressant à la culture des fraisiers, aux vulgarisateurs, aux producteurs et aux jardiniers amateurs.
563 |aCouverture rigide
590 |a05-34|b2005-08-26
7760#|tOur strawberries |w(CaOODSP)9.676781
791 |tOur strawberries |eeng|w(CaOODSP)9.664675